| 000 | 00445nam a22001577a 4500 | ||
|---|---|---|---|
| 005 | 20240725124525.0 | ||
| 008 | 240725b |||||||| |||| 00| 0 eng d | ||
| 041 | _aEnglish | ||
| 082 | _a349 SOU | ||
| 100 | _lEnglish | ||
| 245 | _aThe South African Law Reports | ||
| 260 |
_aCape Town: _bJuta and Company Ltd, _c1939 |
||
| 300 |
_bx, 630 pages; _c26 cm. |
||
| 650 |
_aLegal practice _bLaw |
||
| 942 |
_cBK _6ALISON_BN_VRIES |
||
| 999 |
_c2269 _d2269 |
||